The Himalayan kingdoms: Bhutan, Sikkim, and Nepal, (Record no. 74707)
[ view plain ]
| 000 -LEADER | |
|---|---|
| fixed length control field | 01052cam a22003371 4500 |
| 001 - CONTROL NUMBER | |
| control field | 74707 |
| 003 - CONTROL NUMBER IDENTIFIER | |
| rucl marc code | BD-RjUL |
| 005 - DATE AND TIME OF LATEST TRANSACTION | |
| control field | 20211209082606.0 |
| 008 - FIXED-LENGTH DATA ELEMENTS--GENERAL INFORMATION | |
| fixed length control field | 720919s1963 njua 000 0 eng |
| 035 ## - SYSTEM CONTROL NUMBER | |
| System control number | (BD-RjUL) |
| System control number | (OCoLC)74925 |
| 040 ## - CATALOGING SOURCE | |
| Original cataloging agency | DLC |
| Transcribing agency | ODaWU |
| Modifying agency | OCoLC |
| -- | NBrockU |
| -- | Uk |
| -- | DLC |
| Language of cataloging | eng |
| 041 ## - LANGUAGE CODE | |
| Language code of text/sound track or separate title | eng |
| 042 ## - AUTHENTICATION CODE | |
| Authentication code | premarc |
| 043 ## - GEOGRAPHIC AREA CODE | |
| Geographic area code | a-bt--- |
| -- | a-np--- |
| -- | a-sk--- |
| 082 ## - DEWEY DECIMAL CLASSIFICATION NUMBER | |
| Classification number | 915.42 |
| Edition number | 23 |
| Author mark and year | KAM 1963 |
| 100 1# - MAIN ENTRY--PERSONAL NAME | |
| Personal name | Karan, Pradyumna P. |
| Fuller form of name | (Pradyumna Prasad) |
| 9 (RLIN) | 225175 |
| 245 14 - TITLE STATEMENT | |
| Title | The Himalayan kingdoms: Bhutan, Sikkim, and Nepal, |
| Statement of responsibility, etc. | by Pradyumna P. Karan and Willian M. Jenkins, Jr. |
| 260 ## - PUBLICATION, DISTRIBUTION, ETC. (IMPRINT) | |
| Place of publication, distribution, etc. | Princeton, N.J., |
| Name of publisher, distributor, etc. | Van Nostrand |
| Date of publication, distribution, etc. | [1963] |
| 300 ## - PHYSICAL DESCRIPTION | |
| Pagination | 144 p. |
| Illustrations | illus. |
| Size | 21 cm. |
| 490 0# - SERIES STATEMENT | |
| Series statement | Van Nostrand searchlight book |
| Volume/sequential designation | #13 |
| 651 #0 - SUBJECT ADDED ENTRY--GEOGRAPHIC NAME | |
| Geographic name | Bhutan. |
| 9 (RLIN) | 72111 |
| Geographic name | Nepal. |
| 9 (RLIN) | 225176 |
| Geographic name | Sikkim (India) |
| 9 (RLIN) | 225177 |
| 700 1# - ADDED ENTRY--PERSONAL NAME | |
| Personal name | Jenkins, William M., |
| 906 ## - LOCAL DATA ELEMENT F, LDF (RLIN) | |
| a | 7 |
| b | cbc |
| c | oclcrpl |
| d | u |
| e | ncip |
| f | 19 |
| g | y-gencatlg |
| 942 ## - ADDED ENTRY ELEMENTS (KOHA) | |
| Source of classification or shelving scheme | Dewey Decimal Classification |
| Koha item type | Books |
| Lost status | Source of classification or shelving scheme | Damaged status | Not for loan | Collection code | Permanent Location | Current Location | Shelving location | Date acquired | Source of acquisition | Cost, normal purchase price | Total Checkouts | Full call number | Date last seen | Copy number | Koha item type |
|---|---|---|---|---|---|---|---|---|---|---|---|---|---|---|---|
| Dewey Decimal Classification | Not For Loan | Non-fiction | Central Library, University of Rajshahi | Central Library, University of Rajshahi | Reading Room | 22/11/2018 | Zeitlinger | 0.00 | 915.42 KAM 1963 | 22/11/2018 | C-1 | Books |